000 00642nam a22002177a 4500
003 IIN
005 20250411170646.0
008 250411b |||ad||| |||| 001 0 eng d
020 _a9789395736510
_c1649.00
040 _aIIN
082 _a579
_bMUR
245 _aLippincott Illustrated Reviews Microbiology
_cedited by Sumathi Muralidhar, Suchitra Shenoy M.
250 _a2nd ed.
_bSouth Asian Edition
260 _aNew Delhi
_bWolters Kluwer
_c2024
300 _axv, 1062 p.
_bcol. ill.
500 _aIncludes Index
650 _aMicrobiology
700 _aMuralidhar, Sumathi (ed.)
700 _aShenoy, Suchitra M. (ed.)
942 _cBOOK
999 _c1746
_d1746